| 000 | 01345nam a2200373 a 4500 | ||
|---|---|---|---|
| 001 | 000002619 | ||
| 003 | DO-SdBNP | ||
| 005 | 20171009112347.0 | ||
| 007 | 000002619 | ||
| 008 | 090703s2009 dr 000 0 spa d | ||
| 020 | _a9789945131062 | ||
| 020 | _a9945131060 | ||
| 040 |
_aBPMSU _bspa _cBPMSU |
||
| 049 | _a | ||
| 082 | 4 |
_aRD868.44 _bQ64s |
|
| 100 | 1 |
_aQuidiello de Bosch, Carmen, _d1915- |
|
| 245 | 1 | 0 |
_aEn suma para la convivencia / _cCarmen Quidiello de Bosch ; editores León Félix Batista, Tomás Castro Burdiez. |
| 260 |
_aSanto Domingo : _bFundación Juan Bosch, _c2009. |
||
| 300 |
_a489 p. ; _c23 cm. |
||
| 490 | 1 |
_aCentro de Documentación y Archivo Juan Bosch _v2 |
|
| 650 | 4 | _aLITERATURA DOMINICANA | |
| 650 | 4 |
_aMUJERES _xCONDICIONES SOCIALES _zREPÚBLICA DOMINICANA |
|
| 650 | 4 | _aLITERATURA HISPANOAMERICANA | |
| 650 | 4 |
_aMUJERES _xCUESTIONES SOCIALES Y MORALES _xHISTORIA |
|
| 650 | 4 | _aARTÍCULOS DE PRENSA | |
| 700 | 1 |
_aBatista, León Félix, _eed. |
|
| 700 | 1 |
_aCastro Burdiez, Tomás, _d1959- _eed. |
|
| 710 | 2 | 2 |
_aSecretaría de Estado de Cultura, _bBiblioteca Nacional Pedro Henríquez Ureña. |
| 830 | 0 |
_aCentro de Documentación y Archivo Juan Bosch _v2 |
|
| 910 | _aJornada de catalogación | ||
| 942 |
_2ddc _cBK |
||
| 945 | _aInventariado / 2017 VM | ||
| 956 |
_aVMATEO _b10 _c20151002 _lBPMSU _h0069 |
||
| 999 |
_c7209 _d7209 |
||